Pobrzeża - Krainy Geograficzne - Statystyki

Ogólne statystyki
  • Ten quiz został rozwiązany 107 razy
  • Średni wynik to 4 z 17
Statystyki odpowiedzi
Obrazkowy Odpowiedź % Poprawnych
Pobrzeże Szczecińskie
55%
Pobrzeże Gdańskie
53%
Żuławy Wiślane
53%
Pobrzeże Koszalińskie
48%
Mierzeja Helska
40%
Mierzeja Wiślana
40%
Uznam i Wolin
18%
Wybrzeże Słowińskie
18%
Nizina Staropruska
15%
Pobrzeże Kaszubskie
15%
Nizina Sępopolska
13%
Wysoczyzna Elbląska
10%
Pradolina Redy-Łeby
8%
Równina Pyrzycka
8%
Wzniesienia Górowskie
8%
Pobrzeża Południowobałtyckie
5%
Równina Gryficka
5%
Nie znaleziono quizów pasujących do podanych kryteriów
Rozkład punktacji
Procent ludzi z każdym wynikiem
Percentyl według liczby udzielonych odpowiedzi
Twoja historia wyników
Nie rozwiązałeś tego quizu